[Event "Sevilla Open 2019"]
[Site "Sevilla ESP"]
[Date "2019.01.13"]
[Round "3.8"]
[White "Vasquez Schroeder, Rodrigo"]
[Black "Priyanka Nutakki"]
[Result "1-0"]
[WhiteElo "2499"]
[BlackElo "2195"]
[PlyCount "131"]
[EventDate "2019.01.11"]
[EventType "swiss"]
[EventRounds "9"]
[EventCountry "ESP"]
[SourceTitle "Ajedrez en Madrid"]
[Source "lmi"]
[SourceDate "2019.01.11"]
[SourceVersion "1"]
[SourceVersionDate "2019.01.15"]
[SourceQuality "1"]
[WhiteTeam "Chile"]
[BlackTeam "India"]
[WhiteTeamCountry "CHI"]
[BlackTeamCountry "IND"]

1. e4 e6 2. d4 d5 3. Nc3 Nf6 4. Bg5 dxe4 5. Nxe4 Be7 6. Bxf6 Bxf6 7. Nf3 Bd7 8.
c3 Bc6 9. Bd3 Nd7 10. Qe2 Bxe4 11. Bxe4 c6 12. h4 h6 13. a4 a5 14. g3 Qc7 15.
O-O O-O 16. Bc2 Rfe8 17. Qe4 Nf8 18. Rfe1 c5 19. dxc5 Qxc5 20. Red1 Rac8 21.
Bd3 Red8 22. Bb5 Qf5 23. Qxf5 exf5 24. Nd2 Be5 25. Nc4 Bc7 26. Ne3 f4 27. Nd5
fxg3 28. Ne7+ Kh8 29. Nxc8 gxf2+ 30. Kxf2 Rxc8 31. Rd5 Ng6 32. Rh1 Kg8 33. h5
Ne5 34. Re1 f6 35. Be2 Kf8 36. Kg2 Re8 37. Bb5 Re7 38. Red1 Kg8 39. Kh3 Kf8 40.
Bd3 Nf7 41. Kg2 Ne5 42. Bg6 Re6 43. Rc5 Re7 44. Rb5 b6 45. Rbd5 Re6 46. Bf5 Re7
47. R1d4 Kf7 48. Re4 Kf8 49. b4 Ke8 50. b5 Bd8 51. c4 Rc7 52. Bg6+ Ke7 53. Red4
Rd7 54. Bf5 Rxd5 55. Rxd5 Nxc4 56. Rd7+ Ke8 57. Be6 Ne5 58. Rxg7 Be7 59. Rh7
Bf8 60. Bf5 Nc4 61. Kf3 Nd6 62. Be6 Be7 63. Rxh6 Nf7 64. Bxf7+ Kxf7 65. Rh7+
Ke6 66. Rh8 1-0

[Event "Sevilla Open 2019"]
[Site "Sevilla ESP"]
[Date "2019.01.13"]
[Round "3.9"]
[White "Infante Machin, Brian Jose"]
[Black "Li, Di"]
[Result "0-1"]
[WhiteElo "2186"]
[BlackElo "2488"]
[PlyCount "74"]
[EventDate "2019.01.11"]
[EventType "swiss"]
[EventRounds "9"]
[EventCountry "ESP"]
[SourceTitle "Ajedrez en Madrid"]
[Source "lmi"]
[SourceDate "2019.01.11"]
[SourceVersion "1"]
[SourceVersionDate "2019.01.15"]
[SourceQuality "1"]
[WhiteTeam "Cuba"]
[BlackTeam "China"]
[WhiteTeamCountry "CUB"]
[BlackTeamCountry "CHN"]

1. d4 d5 2. Nf3 e6 3. g3 Nf6 4. Bg2 g6 5. O-O Bg7 6. c4 O-O 7. Nc3 Nc6 8. b3
Ne7 9. Bb2 b6 10. Ne5 Bb7 11. Rc1 a6 12. Ba3 Re8 13. e3 Nd7 14. Nd3 c6 15. Nf4
Nf5 16. Re1 Rc8 17. Qd2 a5 18. Bb2 Ba6 19. e4 Nxd4 20. exd5 Ne5 21. Re3 cxd5
22. cxd5 exd5 23. Ncxd5 Rxc1+ 24. Qxc1 Nef3+ 25. Kh1 Bb7 26. Bxf3 Nxf3 27. Rxf3
Bxd5 28. Nxd5 Qxd5 29. Kg2 g5 30. Bxg7 g4 31. Bh6 gxf3+ 32. Kf1 Qb5+ 33. Kg1
Qc6 34. Qg5+ Qg6 35. h4 Qxg5 36. Bxg5 Re1+ 37. Kh2 Re2 0-1

[Event "Sevilla Open 2019"]
[Site "Sevilla ESP"]
[Date "2019.01.13"]
[Round "3.10"]
[White "Harutjunyan, Gevorg"]
[Black "Garcia Trobat, Francisco"]
[Result "1-0"]
[WhiteElo "2476"]
[BlackElo "2193"]
[PlyCount "109"]
[EventDate "2019.01.11"]
[EventType "swiss"]
[EventRounds "9"]
[EventCountry "ESP"]
[SourceTitle "Ajedrez en Madrid"]
[Source "lmi"]
[SourceDate "2019.01.11"]
[SourceVersion "1"]
[SourceVersionDate "2019.01.15"]
[SourceQuality "1"]
[WhiteTeam "Armenia"]
[BlackTeam "España"]
[WhiteTeamCountry "ARM"]
[BlackTeamCountry "ESP"]

1. Nf3 Nf6 2. g3 g6 3. b3 Bg7 4. Bb2 O-O 5. Bg2 d6 6. d4 e5 7. dxe5 Ng4 8. Nc3
Nxe5 9. Nxe5 Bxe5 10. Qd2 Nc6 11. h4 h5 12. O-O-O a5 13. Nd5 a4 14. Qg5 axb3
15. axb3 Bf5 16. Bxe5 Qxg5+ 17. hxg5 dxe5 18. Kb2 Ra5 19. e4 Be6 20. Nxc7 Nb4
21. Nxe6 fxe6 22. Rd2 Ra2+ 23. Kc3 Nxc2 24. Bf1 Rf3+ 25. Bd3 Nb4 26. Rxa2 Nxa2+
27. Kd2 Rxf2+ 28. Ke3 Rg2 29. Kf3 Rb2 30. Bc4 Kf7 31. Ra1 Ke7 32. Ke3 b5 33.
Bxb5 Rxb3+ 34. Kf2 Rb2+ 35. Ke3 Nb4 36. Ra7+ Kd6 37. Be8 Rb3+ 38. Kf2 Nd3+ 39.
Kg2 Ne1+ 40. Kh3 Nf3 41. Rd7+ Kc5 42. Bxg6 Rb2 43. Bxh5 Nxg5+ 44. Kg4 Nxe4 45.
Rc7+ Kd6 46. Rc1 Rb3 47. Rd1+ Ke7 48. Rg1 Rb4 49. Kh4 Rb2 50. Kh3 Nf2+ 51. Kh4
e4 52. Re1 Kf6 53. Re2 Rxe2 54. Bxe2 Nd3 55. Kh3 1-0

[Event "Sevilla Open 2019"]
[Site "Sevilla ESP"]
[Date "2019.01.13"]
[Round "3.11"]
[White "Laliena Solanes, Luis"]
[Black "Krishna C R G"]
[Result "0-1"]
[WhiteElo "2177"]
[BlackElo "2469"]
[PlyCount "102"]
[EventDate "2019.01.11"]
[EventType "swiss"]
[EventRounds "9"]
[EventCountry "ESP"]
[SourceTitle "Ajedrez en Madrid"]
[Source "lmi"]
[SourceDate "2019.01.11"]
[SourceVersion "1"]
[SourceVersionDate "2019.01.15"]
[SourceQuality "1"]
[WhiteTeam "España"]
[BlackTeam "India"]
[WhiteTeamCountry "ESP"]
[BlackTeamCountry "IND"]

1. e4 e6 2. d4 d5 3. Nc3 Bb4 4. Nge2 Nc6 5. a3 Ba5 6. b4 Bb6 7. Bb2 Nge7 8. Na4
O-O 9. Ng3 dxe4 10. Nxb6 cxb6 11. b5 Na5 12. Nxe4 Qc7 13. Qd3 Bd7 14. c4 Rac8
15. Rc1 Rfd8 16. Ng5 Nf5 17. g4 Qf4 18. Nh3 Qxg4 19. Rg1 Qh4 20. Be2 Qh6 21.
Rc2 Rxc4 22. Bc1 Qxc1+ 23. Rxc1 Rxc1+ 24. Kd2 Rxg1 25. Nxg1 Nxd4 26. Qc3 Nxb5
27. Bxb5 Bxb5+ 28. Ke1 Nc6 29. Ne2 Bxe2 30. Kxe2 Rd5 31. Qg3 Re5+ 32. Kf1 b5
33. Qd3 Rd5 34. Qg3 Rd1+ 35. Ke2 Rd7 36. Qc3 a5 37. Qc5 b4 38. axb4 axb4 39.
Qb6 h6 40. Ke1 Nd4 41. Kd2 b3 42. Kc3 Kh7 43. Qb4 b5 44. Qc5 Rd5 45. Qc7 b4+
46. Kb2 Rf5 47. Qg3 Rf3 48. Qg2 f5 49. Qg1 Rc3 50. Qd1 Rc2+ 51. Kb1 Nb5 0-1

[Event "Sevilla Open 2019"]
[Site "Sevilla ESP"]
[Date "2019.01.13"]
[Round "3.12"]
[White "Iniyan, P."]
[Black "Crespo, Eugenio"]
[Result "1-0"]
[WhiteElo "2456"]
[BlackElo "2169"]
[PlyCount "121"]
[EventDate "2019.01.11"]
[EventType "swiss"]
[EventRounds "9"]
[EventCountry "ESP"]
[SourceTitle "Ajedrez en Madrid"]
[Source "lmi"]
[SourceDate "2019.01.11"]
[SourceVersion "1"]
[SourceVersionDate "2019.01.15"]
[SourceQuality "1"]
[WhiteTeam "India"]
[BlackTeam "Argentina"]
[WhiteTeamCountry "IND"]
[BlackTeamCountry "ARG"]

1. d4 d5 2. c4 e6 3. Nc3 Nf6 4. Nf3 Bb4 5. e3 c5 6. Bd3 Nc6 7. O-O O-O 8. a3
Ba5 9. h3 Qe7 10. Qc2 dxc4 11. Bxc4 Rd8 12. dxc5 Qxc5 13. Na4 Qf5 14. Qxf5 exf5
15. b4 Bc7 16. Bb2 Ne4 17. Rac1 a6 18. Nd4 Bd7 19. Bd5 Rac8 20. Bxe4 Nxd4 21.
Bxd4 fxe4 22. Nc5 Bc6 23. Rc3 Bd6 24. Nb3 Bd7 25. Rxc8 Bxc8 26. Bb6 Re8 27. Rd1
Be5 28. Nc5 f5 29. a4 Bc3 30. b5 Bb4 31. Nb3 g6 32. Rc1 axb5 33. axb5 Bd7 34.
Nd4 Rc8 35. Ra1 Bd6 36. g3 Be5 37. Ra7 Rb8 38. Nb3 Bxb5 39. Ra5 Bc4 40. Nd2 Bc3
41. Nxc4 Bxa5 42. Nxa5 Ra8 43. g4 Ra6 44. Nc4 Ra1+ 45. Kg2 Rc1 46. Ne5 Rb1 47.
Bd4 Kf8 48. Nd7+ Kf7 49. Kg3 b5 50. gxf5 gxf5 51. Kf4 Rf1 52. Kxf5 Rxf2+ 53.
Kxe4 Rh2 54. Ne5+ Ke8 55. Kd5 Rxh3 56. Ng4 Rh1 57. Ke6 b4 58. Bc5 b3 59. Be7
Rh6+ 60. Nxh6 b2 61. Ng4 1-0

[Event "Sevilla Open 2019"]
[Site "Sevilla ESP"]
[Date "2019.01.13"]
[Round "3.13"]
[White "Zarandieta Lopera, Jose Luis"]
[Black "Lei, Tingjie"]
[Result "0-1"]
[WhiteElo "2163"]
[BlackElo "2447"]
[PlyCount "44"]
[EventDate "2019.01.11"]
[EventType "swiss"]
[EventRounds "9"]
[EventCountry "ESP"]
[SourceTitle "Ajedrez en Madrid"]
[Source "lmi"]
[SourceDate "2019.01.11"]
[SourceVersion "1"]
[SourceVersionDate "2019.01.15"]
[SourceQuality "1"]
[WhiteTeam "España"]
[BlackTeam "China"]
[WhiteTeamCountry "ESP"]
[BlackTeamCountry "CHN"]

1. d4 Nf6 2. c4 e6 3. Nc3 Bb4 4. e3 O-O 5. Bd3 d5 6. cxd5 exd5 7. Nge2 Re8 8.
O-O Bd6 9. Ng3 c6 10. f3 c5 11. Nb5 Bf8 12. dxc5 Bxc5 13. Qc2 Qb6 14. b4 Bxe3+
15. Kh1 Nc6 16. Bxe3 Rxe3 17. Nd6 Bd7 18. Bf5 Be6 19. Qd2 Ne5 20. a4 Rb3 21.
Nb5 Nc4 22. Qg5 a6 0-1

[Event "Sevilla Open 2019"]
[Site "Sevilla ESP"]
[Date "2019.01.13"]
[Round "3.14"]
[White "Starostits, Ilmars"]
[Black "Callejas Rojas, Francisco Miguel"]
[Result "1-0"]
[WhiteElo "2442"]
[BlackElo "2164"]
[PlyCount "119"]
[EventDate "2019.01.11"]
[EventType "swiss"]
[EventRounds "9"]
[EventCountry "ESP"]
[SourceTitle "Ajedrez en Madrid"]
[Source "lmi"]
[SourceDate "2019.01.11"]
[SourceVersion "1"]
[SourceVersionDate "2019.01.15"]
[SourceQuality "1"]
[WhiteTeam "Letonia"]
[BlackTeam "España"]
[WhiteTeamCountry "LAT"]
[BlackTeamCountry "ESP"]

1. Nf3 Nf6 2. d4 d5 3. c4 dxc4 4. e3 b5 5. a4 b4 6. Bxc4 e6 7. a5 a6 8. Ne5 Bb7
9. O-O c5 10. Nd2 cxd4 11. Ndf3 Bd6 12. Qxd4 Nc6 13. Nxc6 Bxc6 14. Rd1 Bd5 15.
Bxd5 exd5 16. b3 O-O 17. Bb2 Re8 18. h3 Rb8 19. Qd3 Ne4 20. Qxd5 Bf8 21. Qf5
Qc8 22. Qf4 Nc3 23. Bxc3 bxc3 24. Nd4 Bc5 25. Rac1 Bb4 26. Rc2 Bxa5 27. Nf5 Bb4
28. Rd4 a5 29. Qg5 g6 30. Nh6+ Kf8 31. Rf4 Rb7 32. Ng4 f5 33. Nf6 Re6 34. Rxf5
Kg7 35. Ng4 Kh8 36. Rd5 Rd7 37. e4 Be7 38. Qc1 Bb4 39. Qd1 Rxd5 40. Qxd5 Qc6
41. Qxc6 Rxc6 42. Kf1 Ba3 43. Ne5 Rc8 44. Ke2 Kg7 45. Nc4 Bb4 46. Nb6 Re8 47.
Kd3 Rd8+ 48. Nd5 Kf7 49. Kc4 Rc8+ 50. Kd4 Rd8 51. f4 Ke6 52. g4 Rd7 53. f5+
gxf5 54. gxf5+ Kf7 55. e5 Rd8 56. e6+ Kg7 57. Rg2+ Kh6 58. f6 Rc8 59. Nxb4 axb4
60. e7 1-0

[Event "Sevilla Open 2019"]
[Site "Sevilla ESP"]
[Date "2019.01.13"]
[Round "3.15"]
[White "Larino Nieto, David"]
[Black "Jimenez Morales, Francisco"]
[Result "1-0"]
[WhiteElo "2432"]
[BlackElo "2133"]
[PlyCount "87"]
[EventDate "2019.01.11"]
[EventType "swiss"]
[EventRounds "9"]
[EventCountry "ESP"]
[SourceTitle "Ajedrez en Madrid"]
[Source "lmi"]
[SourceDate "2019.01.11"]
[SourceVersion "1"]
[SourceVersionDate "2019.01.15"]
[SourceQuality "1"]
[WhiteTeam "España"]
[BlackTeam "España"]
[WhiteTeamCountry "ESP"]
[BlackTeamCountry "ESP"]

1. Nf3 Nf6 2. e3 g6 3. c4 Bg7 4. Nc3 b6 5. d4 d6 6. Bd3 O-O 7. Ne4 Nbd7 8. h4
Bb7 9. Neg5 e5 10. d5 h6 11. h5 hxg5 12. Nxg5 e4 13. Bc2 Nxd5 14. h6 Qxg5 15.
hxg7 Rfe8 16. cxd5 Qxg2 17. Kd2 Kxg7 18. Ba4 Re5 19. Kc2 Rxd5 20. Bd2 Ne5 21.
Qe2 Qg4 22. Qf1 a5 23. Bb5 Rh8 24. Rxh8 Kxh8 25. Bc3 Kg8 26. Be2 Nf3 27. a3 Rh5
28. b4 a4 29. Rc1 Qe6 30. Rb1 Bd5 31. Kb2 Ba2 32. Rc1 c5 33. Bxf3 exf3 34. Qa6
f6 35. Qxb6 Rh2 36. Ka1 cxb4 37. Bd4 bxa3 38. Qd8+ Kh7 39. Bxf6 g5 40. Qh8+ Kg6
41. Qg7+ Kf5 42. Qxg5+ Ke4 43. Qf4+ Kd3 44. Qd4+ 1-0

[Event "Sevilla Open 2019"]
[Site "Sevilla ESP"]
[Date "2019.01.13"]
[Round "3.16"]
[White "Arroyo Rodriguez, Jesus"]
[Black "Das, Arghyadip"]
[Result "0-1"]
[WhiteElo "2126"]
[BlackElo "2431"]
[PlyCount "70"]
[EventDate "2019.01.11"]
[EventType "swiss"]
[EventRounds "9"]
[EventCountry "ESP"]
[SourceTitle "Ajedrez en Madrid"]
[Source "lmi"]
[SourceDate "2019.01.11"]
[SourceVersion "1"]
[SourceVersionDate "2019.01.15"]
[SourceQuality "1"]
[WhiteTeam "España"]
[BlackTeam "India"]
[WhiteTeamCountry "ESP"]
[BlackTeamCountry "IND"]

1. e4 c5 2. c3 d6 3. d4 Qc7 4. Nf3 g6 5. Bb5+ Nd7 6. O-O a6 7. Ba4 Bg7 8. Re1
e5 9. Nbd2 b5 10. Bb3 Ngf6 11. Nf1 O-O 12. Ng3 Nb6 13. h3 a5 14. Bg5 h6 15. Be3
a4 16. Bc2 Nc4 17. Bc1 cxd4 18. cxd4 Bd7 19. b3 axb3 20. Bxb3 Rfc8 21. dxe5
dxe5 22. Qe2 Be8 23. Nh2 Na5 24. Bd1 Bd7 25. Nhf1 Be6 26. Bb2 Bc4 27. Qc2 Nc6
28. Ne3 Nb4 29. Qc3 Nd3 30. Re2 Bf8 31. a3 Bc5 32. Nxc4 bxc4 33. Kf1 Bd4 34.
Qd2 Nxb2 35. Qxh6 Qe7 0-1

[Event "Sevilla Open 2019"]
[Site "Sevilla ESP"]
[Date "2019.01.13"]
[Round "3.17"]
[White "Ertan, Can"]
[Black "Cholleti Sahajasri"]
[Result "1-0"]
[WhiteElo "2421"]
[BlackElo "2122"]
[PlyCount "61"]
[EventDate "2019.01.11"]
[EventType "swiss"]
[EventRounds "9"]
[EventCountry "ESP"]
[SourceTitle "Ajedrez en Madrid"]
[Source "lmi"]
[SourceDate "2019.01.11"]
[SourceVersion "1"]
[SourceVersionDate "2019.01.15"]
[SourceQuality "1"]
[WhiteTeam "Turquía"]
[BlackTeam "India"]
[WhiteTeamCountry "TUR"]
[BlackTeamCountry "IND"]

1. e4 c5 2. Nf3 d6 3. d4 cxd4 4. Nxd4 Nf6 5. Nc3 a6 6. h3 e6 7. g4 Be7 8. Bg2
Nfd7 9. Be3 Nc6 10. Qe2 Nxd4 11. Bxd4 O-O 12. O-O-O b5 13. e5 d5 14. Qe3 b4 15.
Na4 Rb8 16. f4 a5 17. Bf1 Bb7 18. Bb5 Ba8 19. Bxd7 Qxd7 20. Nb6 Qc6 21. f5 Rfd8
22. h4 Bf8 23. h5 Re8 24. f6 gxf6 25. Rdf1 Rb7 26. Rxf6 a4 27. Rhf1 b3 28. axb3
a3 29. bxa3 Bxa3+ 30. Kb1 Rc7 31. R1f2 1-0

[Event "Sevilla Open 2019"]
[Site "Sevilla ESP"]
[Date "2019.01.13"]
[Round "3.18"]
[White "McMahon, Daire"]
[Black "Campora, Daniel H."]
[Result "0-1"]
[WhiteElo "2120"]
[BlackElo "2417"]
[PlyCount "102"]
[EventDate "2019.01.11"]
[EventType "swiss"]
[EventRounds "9"]
[EventCountry "ESP"]
[SourceTitle "Ajedrez en Madrid"]
[Source "lmi"]
[SourceDate "2019.01.11"]
[SourceVersion "1"]
[SourceVersionDate "2019.01.15"]
[SourceQuality "1"]
[WhiteTeam "Irlanda"]
[BlackTeam "Argentina"]
[WhiteTeamCountry "IRL"]
[BlackTeamCountry "ARG"]

1. d4 Nf6 2. c4 e6 3. Nc3 d5 4. cxd5 exd5 5. Bg5 Be7 6. e3 O-O 7. Bd3 Nbd7 8.
Qc2 Re8 9. Nge2 Nf8 10. O-O c6 11. f3 g6 12. Rad1 Ne6 13. Bh4 b5 14. Kh1 Bb7
15. Bf2 Rc8 16. Qd2 b4 17. Na4 Qa5 18. b3 c5 19. dxc5 Nxc5 20. Nxc5 Bxc5 21.
Rfe1 Qb6 22. Nd4 Bxd4 23. exd4 a5 24. Qf4 Ba6 25. Bxa6 Qxa6 26. Bh4 Rxe1+ 27.
Rxe1 Re8 28. Rc1 Nh5 29. Qg5 Qe2 30. h3 Qxa2 31. g4 Qxb3 32. gxh5 Qxf3+ 33. Qg2
Qxg2+ 34. Kxg2 b3 35. h6 a4 36. Rb1 Ra8 37. Be1 f6 38. Bb4 g5 39. Ba3 Kf7 40.
Rc1 Kg6 41. Rc5 Rb8 42. Bb2 a3 43. Bxa3 b2 44. Bxb2 Rxb2+ 45. Kg3 Kxh6 46. Rxd5
Kg6 47. Ra5 Rb3+ 48. Kg2 h5 49. Ra8 h4 50. d5 Rd3 51. Rd8 Kf5 0-1